| 000 | 00654nam a2200217 a 4500 | ||
|---|---|---|---|
| 003 | OSt | ||
| 005 | 20240226150841.0 | ||
| 008 | 180221t2016 pk | |||| 000 f urd d | ||
| 020 | _a9789693506167 | ||
| 040 | _c0 | ||
| 082 |
_a891.4393 _bINT 2016 |
||
| 100 | 1 |
_aانتظارحسين _947098 |
|
| 245 | 1 | 0 |
_aآگےسمندرہے _cIntizar Husain |
| 246 | _aAagay Samundar Hai | ||
| 260 |
_aLahore: _bSang e Meel Pub; _c2016. |
||
| 300 | _a323 p. | ||
| 650 |
_aUrdu literature _vNovel _9876 |
||
| 700 |
_a _9121339 |
||
| 942 |
_2ddc _cBK _aSADA _k891.4393 INT 2016 |
||
| 999 |
_c608236 _d608236 |
||